00729nam a22002177a 4500003000900000005001700009008004700026040002200073092001500095100002200110245004100132260006700173300002300240490002600263830002600289942001200315945002600327952010900353956003200462999001700494DO-SdBNP20171130115124.0171110b 2004 xxu ||||| |||| 00| 0 spa d aBPMSUbspacBPMSU axxxxbxxxx1 aScott Bel, James 1 aA certain truth /cJames Scott Bell. aMinneapolis, Minnesota : b Bethany House Publishers, c2004. a300 p. ; c22 cm.1 aTrials of Kit Shannon 0aTrials of Kit Shannon 2ddccBK aInventariado 2017 /LP 00102ddc40708CGaBPMETbBPMETd2017-11-10eDonación l0pBPMSU17110151r2017-11-10w2017-11-10yBK aLOPEREZb10c20171110d0041 c12847d12847